<?xml version="1.0" encoding="UTF-8"?><?xml-stylesheet type="text/xsl" href="static/style.xsl"?><OAI-PMH xmlns="http://www.openarchives.org/OAI/2.0/" xmlns:xsi="http://www.w3.org/2001/XMLSchema-instance" xsi:schemaLocation="http://www.openarchives.org/OAI/2.0/ http://www.openarchives.org/OAI/2.0/OAI-PMH.xsd"><responseDate>2026-04-18T00:56:34Z</responseDate><request verb="GetRecord" identifier="oai:www.recercat.cat:10256/15124" metadataPrefix="marc">https://recercat.cat/oai/request</request><GetRecord><record><header><identifier>oai:recercat.cat:10256/15124</identifier><datestamp>2024-06-18T12:17:18Z</datestamp><setSpec>com_2072_452955</setSpec><setSpec>com_2072_2054</setSpec><setSpec>col_2072_453069</setSpec></header><metadata><record xmlns="http://www.loc.gov/MARC21/slim" xmlns:dcterms="http://purl.org/dc/terms/" xmlns:xsi="http://www.w3.org/2001/XMLSchema-instance" xmlns:doc="http://www.lyncode.com/xoai" xsi:schemaLocation="http://www.loc.gov/MARC21/slim http://www.loc.gov/standards/marcxml/schema/MARC21slim.xsd">
   <leader>00925njm 22002777a 4500</leader>
   <datafield ind2=" " ind1=" " tag="042">
      <subfield code="a">dc</subfield>
   </datafield>
   <datafield ind2=" " ind1=" " tag="720">
      <subfield code="a">Guo, Yuejun</subfield>
      <subfield code="e">author</subfield>
   </datafield>
   <datafield ind2=" " ind1=" " tag="720">
      <subfield code="a">Xu, Qing</subfield>
      <subfield code="e">author</subfield>
   </datafield>
   <datafield ind2=" " ind1=" " tag="720">
      <subfield code="a">Sbert, Mateu</subfield>
      <subfield code="e">author</subfield>
   </datafield>
   <datafield ind2=" " ind1=" " tag="260">
      <subfield code="c">2018-03-02</subfield>
   </datafield>
   <datafield ind2=" " ind1=" " tag="520">
      <subfield code="a">Analyzing trajectory data plays an important role in practical applications, and clustering&#xd;
is one of the most widely used techniques for this task. The clustering approach based on information&#xd;
bottleneck (IB) principle has shown its effectiveness for trajectory data, in which a predefined number&#xd;
of the clusters and an explicit distance measure between trajectories are not required. However,&#xd;
presenting directly the final results of IB clustering gives no clear idea of both trajectory data and&#xd;
clustering process. Visual analytics actually provides a powerful methodology to address this issue.&#xd;
In this paper, we present an interactive visual analytics prototype called IBVis to supply an expressive&#xd;
investigation of IB-based trajectory clustering. IBVis provides various views to graphically present&#xd;
the key components of IB and the current clustering results. Rich user interactions drive different&#xd;
views work together, so as to monitor and steer the clustering procedure and to refine the results.&#xd;
In this way, insights on how to make better use of IB for different featured trajectory data can be&#xd;
gained for users, leading to better analyzing and understanding trajectory data. The applicability of&#xd;
IBVis has been evidenced in usage scenarios. In addition, the conducted user study shows IBVis is&#xd;
well designed and helpful for users</subfield>
   </datafield>
   <datafield ind2=" " ind1=" " tag="520">
      <subfield code="a">This work has been funded by Natural Science Foundation of China (61179067, 61771335) and Spanish ministry MINECO (TIN2016-75866-C3-3-R)</subfield>
   </datafield>
   <datafield ind1="8" ind2=" " tag="024">
      <subfield code="a">http://hdl.handle.net/10256/15124</subfield>
   </datafield>
   <datafield tag="653" ind2=" " ind1=" ">
      <subfield code="a">Entropia (Teoria de la informació)</subfield>
   </datafield>
   <datafield tag="653" ind2=" " ind1=" ">
      <subfield code="a">Entropy (Information theory)</subfield>
   </datafield>
   <datafield ind2="0" ind1="0" tag="245">
      <subfield code="a">IBVis: Interactive Visual Analytics for Information Bottleneck Based Trajectory Clusterin</subfield>
   </datafield>
</record></metadata></record></GetRecord></OAI-PMH>